000 01513nam a2200373 i 4500
003 DO-SdBNP
005 20250919112547.0
007 ta
008 250725b2024 dr ||||| |||| 00| 0 spa d
020 _a9789945651492 v.1
020 _a9789945651508 v.2
020 _a9789945651515 v.3
040 _aDO-SdBNP
_bspa
_cBNPHU
_erda
041 _aspa
082 4 _a342.729306
_bM294d
_222
110 1 _aRepública Dominicana.
_bCorte de Constitucionalidad
_971191
245 1 0 _aManual de derecho administrativo dominicano /
_ccoordinador, Aracelis A. Fernández Estrella, Zulima Sánchez Sánchez ; edición, Katherine Estévez ; prólogo, Lino Vásquez Sámuel
250 _aPrimera edición
264 1 _aSanto Domingo :
_bTribunal Constitrucional de la República Dominicana,
_c2024.
300 _avoluménes :
_c23 cm.
336 _atexto
_btxt
_2rdacontent
337 _asin mediación
_bn
_2rdamedia
338 _avolumen
_bnc
_2rdacarrier
505 _av.1--
_gv.2--
_gv.3.
590 _aInventariado, 2025/BT
650 4 _aDerecho administrativo
_941494
_zRepública Dominicana
650 4 _aDerecho constitucional
_910314
_zRepública Dominicana
700 1 _aFernández Estrella, Aracelis A.,
_ecoordinador
_4coord.
_988109
700 1 _aSánchez Sánchez, Zulima,
_ecoordinador
_4coord.
_988110
700 1 _4ed.
_eeditor
_aEstévez, Katherine,
_984225
700 1 _aVásquez Sámuel, Lino,
_eprologuista
_4pr.
_920067
910 _aBtavárez. Validado. Control de calidad/MAA
942 _2ddc
_cLBS1
999 _c58358
_d58358